000 00566nam a22001817a 4500
005 20231107144427.0
008 231107b |||||||| |||| 00| 0 eng d
020 _a0409059234 ; 0409059226
041 _aAfrikaans
082 _a346.4 VAN
100 _aVan der Merwe, CG
_lAfrikaans
245 _aSakereg
_cCG Van der Merwe
250 _aTweede Uitgawe
260 _aDurban :
_bButterworth Professionele Uitgewers (Edms) Bpk,
_c1989
300 _bxiii, 848 pages ;
_c25,3 cm.
650 _aLegal practice
_bLaw
942 _cBK
_6ALISON_BN_VRIES
999 _c391
_d391